000 01021cam a22002897i 4500
999 _c128048
_d128048
001 17393961
003 ARRUPE
005 20180905083445.0
008 120720s2012 ke b 000 0 eng
010 _a 2012311684
020 _a9789966888679
040 _aDLC
_beng
_cDLC
_erda
042 _apcc
050 0 0 _aBT30.A4T391 2012
100 _aMwase, Isaac T. (ed.)
_941997
245 0 0 _aTheologies of liberation and reconstruction /
_cedited by Isaac T. Mwase and Eunice Kamaara
260 _aNairobi
_bAction Publishers
_c2012
300 _axii, 384 pages ;
_c21 cm.
500 _a"Essays in honour of Professor J.N.K. Mugambi, Ph.D."
504 _aIncludes bibliographical references.
600 _aMugambi, Jesse N. K.
_941834
650 _aTheology, Doctrinal
_zAfrica
_98574
700 1 _aKamaara, Eunice.
_941836
_eed.
906 _a7
_bcbc
_corignew
_d4
_encip
_f20
_gy-gencatlg
942 _2lcc
_cMONOGRAPH